[Event "Stay Safe Play From Home 172"]
[Site "T#646326Emanuel Laske"]
[Date "2020.05.25"]
[Round "8"]
[White "Fischer_11"]
[Black "SoulofWolf"]
[Result "0-1"]
[WhiteElo "1908"]
[BlackElo "2246"]
[Annotator "NA"]
[PlyCount "114"]
[EventDate "2020.05.25"]
[EventType "swiss (blitz)"]

1. e4 {[%emt 0:00:03]} d5 {[%emt 0:00:00]} 2. a3 {[%emt 0:00:01]} dxe4 {[%emt 0:00:01]} 3. Nc3 {[%emt 0:00:00]} Nf6 {[%emt 0:00:00]} 4. Qe2 {[%emt 0:00:00]} e6 {[%emt 0:00:00]} 5. Nxe4 {[%emt 0:00:02]} Be7 {[%emt 0:00:00]} 6. Nxf6+ {[%emt 0:00:01]} Bxf6 {[%emt 0:00:00]} 7. c3 {[%emt 0:00:00]} c6 {[%emt 0:00:01]} 8. d4 {[%emt 0:00:00]} Nd7 {[%emt 0:00:01]} 9. Nf3 {[%emt 0:00:00]} O-O {[%emt 0:00:00]} 10. g3 {[%emt 0:00:00]} Re8 {[%emt 0:00:01]} 11. Bg2 {[%emt 0:00:00]} e5 {[%emt 0:00:01]} 12. dxe5 {[%emt 0:00:00]} Nxe5 {[%emt 0:00:01]} 13. O-O {[%emt 0:00:00]} Ng4 {[%emt 0:00:03]} 14. Qd1 {[%emt 0:00:02]} Qb6 {[%emt 0:00:04]} 15. Qc2 {[%emt 0:00:02]} g6 {[%emt 0:00:01]} 16. Re1 {[%emt 0:00:11]} Bf5 {[%emt 0:00:01]} 17. Rxe8+ {[%emt 0:00:01]} Rxe8 {[%emt 0:00:01]} 18. Qd1 {[%emt 0:00:02]} Nxf2 {[%emt 0:00:02]} 19. Qf1 {[%emt 0:00:10]} Ng4+ {[%emt 0:00:11]} 20. Kh1 {[%emt 0:00:01]} Be4 {[%emt 0:00:02] Fischer_11 bietet Remis} 21. h3 {[%emt 0:00:03]} Ne3 {[%emt 0:00:04]} 22. Bxe3 {[%emt 0:00:01]} Qxe3 {[%emt 0:00:00]} 23. Re1 {[%emt 0:00:03]} Qb6 {[%emt 0:00:02]} 24. Nd2 {[%emt 0:00:03]} Bxg2+ {[%emt 0:00:01]} 25. Kxg2 {[%emt 0:00:01]} Qd8 {[%emt 0:00:02]} 26. Rxe8+ {[%emt 0:00:01]} Qxe8 {[%emt 0:00:00]} 27. Qxf6 {[%emt 0:00:01]} Qe2+ {[%emt 0:00:01]} 28. Qf2 {[%emt 0:00:00]} Qe7 {[%emt 0:00:01]} 29. Nf3 {[%emt 0:00:01]} Qe3 {[%emt 0:00:02]} 30. Qe1 {[%emt 0:00:00]} Qb6 {[%emt 0:00:03]} 31. Qe8+ {[%emt 0:00:01]} Kg7 {[%emt 0:00:00]} 32. Qe5+ {[%emt 0:00:00]} Kh6 {[%emt 0:00:01]} 33. b4 {[%emt 0:00:00]} Qd8 {[%emt 0:00:02]} 34. Qd4 {[%emt 0:00:00]} Qe8 {[%emt 0:00:01]} 35. Qf4+ {[%emt 0:00:01]} Kg7 {[%emt 0:00:01]} 36. Qe5+ {[%emt 0:00:00]} Qxe5 {[%emt 0:00:01]} 37. Nxe5 {[%emt 0:00:00]} f6 {[%emt 0:00:00]} 38. Nd7 {[%emt 0:00:01]} Kf7 {[%emt 0:00:00]} 39. Nc5 {[%emt 0:00:00]} b6 {[%emt 0:00:00]} 40. Na6 {[%emt 0:00:01]} Ke6 {[%emt 0:00:01]} 41. b5 {[%emt 0:00:00]} Kd6 {[%emt 0:00:00]} 42. bxc6 {[%emt 0:00:00]} Kxc6 {[%emt 0:00:00]} 43. Nb4+ {[%emt 0:00:00]} Kb5 {[%emt 0:00:00]} 44. Nd3 {[%emt 0:00:00]} Kc4 {[%emt 0:00:00]} 45. Nf4 {[%emt 0:00:00]} Kxc3 {[%emt 0:00:00]} 46. Nxg6 {[%emt 0:00:00]} b5 {[%emt 0:00:00]} 47. Nf4 {[%emt 0:00:00]} Kb3 {[%emt 0:00:00]} 48. Nd5 {[%emt 0:00:01]} Kxa3 {[%emt 0:00:00]} 49. Nb4 {[%emt 0:00:00]} Kxb4 {[%emt 0:00:01]} 50. g4 {[%emt 0:00:00]} Kc4 {[%emt 0:00:00]} 51. g5 {[%emt 0:00:00]} b4 {[%emt 0:00:00]} 52. g6 {[%emt 0:00:00]} b3 {[%emt 0:00:01]} 53. g7 {[%emt 0:00:00]} b2 {[%emt 0:00:00]} 54. g8=Q+ {[%emt 0:00:01]} Kc3 {[%emt 0:00:01]} 55. Qb8 {[%emt 0:00:00]} b1=Q {[%emt 0:00:00]} 56. Qxb1 {[%emt 0:00:01]} Kd2 {[%emt 0:00:00]} 57. Qc1+ {[%emt 0:00:00]} Kxc1 {[%emt 0:00:01] Zeit (Lag: Av=0.31s, max=0.7s)} 0-1

[Event "Stay Safe Play From Home 172"]
[Site "T#646326Emanuel Laske"]
[Date "2020.05.25"]
[Round "8"]
[White "Greblah"]
[Black "Majstor-resa"]
[Result "1-0"]
[WhiteElo "1842"]
[BlackElo "1683"]
[Annotator "NA RC"]
[PlyCount "93"]
[EventDate "2020.05.25"]
[EventType "swiss (blitz)"]

1. e4 {[%emt 0:00:01]} d5 {[%emt 0:00:00]} 2. Nc3 {[%emt 0:00:02]} d4 {[%emt 0:00:02]} 3. Nce2 {[%emt 0:00:01]} Nc6 {[%emt 0:00:00]} 4. Ng3 {[%emt 0:00:01]} e5 {[%emt 0:00:00]} 5. Nf3 {[%emt 0:00:01]} Bd6 {[%emt 0:00:00]} 6. Bc4 {[%emt 0:00:01]} Nf6 {[%emt 0:00:00]} 7. d3 {[%emt 0:00:01]} Bg4 {[%emt 0:00:01]} 8. h3 {[%emt 0:00:01]} Be6 {[%emt 0:00:02]} 9. Bxe6 {[%emt 0:00:03]} fxe6 {[%emt 0:00:01]} 10. Ng5 {[%emt 0:00:00]} Qd7 {[%emt 0:00:01]} 11. Rg1 {[%emt 0:00:03]} O-O-O {[%emt 0:00:01]} 12. Bd2 {[%emt 0:00:01]} h6 {[%emt 0:00:01]} 13. Nf3 {[%emt 0:00:02]} g5 {[%emt 0:00:04]} 14. Nh2 {[%emt 0:00:02]} Rdg8 {[%emt 0:00:02]} 15. Qe2 {[%emt 0:00:01]} h5 {[%emt 0:00:02]} 16. O-O-O {[%emt 0:00:01]} h4 {[%emt 0:00:01]} 17. Ngf1 {[%emt 0:00:01]} Kb8 {[%emt 0:00:04]} 18. Ng4 {[%emt 0:00:01]} Nh5 {[%emt 0:00:02]} 19. Nfh2 {[%emt 0:00:03]} Nf4 {[%emt 0:00:01]} 20. Bxf4 {[%emt 0:00:01]} exf4 {[%emt 0:00:02]} 21. Nf6 {[%emt 0:00:01]} Rc8 {[%emt 0:00:02]} 22. Ng8 {[%emt 0:00:00]} Rhxg8 {[%emt 0:00:01]} 23. Ng4 {[%emt 0:00:02]} Ne5 {[%emt 0:00:01]} 24. f3 {[%emt 0:00:00]} Nxg4 {[%emt 0:00:01]} 25. hxg4 {[%emt 0:00:01]} e5 {[%emt 0:00:01]} 26. Qd2 {[%emt 0:00:01]} Qa4 {[%emt 0:00:01]} 27. Kb1 {[%emt 0:00:03]} c5 {[%emt 0:00:01]} 28. c4 {[%emt 0:00:01]} Rc6 {[%emt 0:00:01]} 29. Qc2 {[%emt 0:00:01]} Qxc2+ {[%emt 0:00:02]} 30. Kxc2 {[%emt 0:00:01]} Kc7 {[%emt 0:00:01]} 31. a3 {[%emt 0:00:01]} Rb8 {[%emt 0:00:01]} 32. b3 {[%emt 0:00:01]} b5 {[%emt 0:00:01]} 33. Rb1 {[%emt 0:00:01]} Rcb6 {[%emt 0:00:01]} 34. cxb5 {[%emt 0:00:01]} Rxb5 {[%emt 0:00:01]} 35. Rb2 {[%emt 0:00:00]} a5 {[%emt 0:00:01]} 36. Rgb1 {[%emt 0:00:01]} Kc6 {[%emt 0:00:02]} 37. Kd2 {[%emt 0:00:01]} Rh8 {[%emt 0:00:01]} 38. Rc2 {[%emt 0:00:01]} h3 {[%emt 0:00:02]} 39. b4 {[%emt 0:00:01]} axb4 {[%emt 0:00:01]} 40. axb4 {[%emt 0:00:01]} h2 {[%emt 0:00:01]} 41. Rh1 {[%emt 0:00:02]} Rxb4 {[%emt 0:00:01]} 42. Kc1 {[%emt 0:00:01]} Kb5 {[%emt 0:00:01]} 43. Rb2 {[%emt 0:00:01]} c4 {[%emt 0:00:01]} 44. dxc4+ {[%emt 0:00:01]} Kxc4 {[%emt 0:00:01]} 45. Rxb4+ {[%emt 0:00:01]} Kxb4 {[%emt 0:00:01]} 46. Kd2 {[%emt 0:00:00]} Kc4 {[%emt 0:00:01]} 47. Rc1+ {[%emt 0:00:01] Zeit (Lag: Av=0.27s, max=0.6s)} 1-0

[Event "Stay Safe Play From Home 172"]
[Site "T#646326Emanuel Laske"]
[Date "2020.05.25"]
[Round "8"]
[White "Trotsky"]
[Black "UHU4"]
[Result "1-0"]
[WhiteElo "1519"]
[BlackElo "1467"]
[Annotator "NA RC"]
[PlyCount "61"]
[EventDate "2020.05.25"]
[EventType "swiss (blitz)"]

1. d4 {[%emt 0:00:01]} d5 {[%emt 0:00:03]} 2. e3 {[%emt 0:00:00]} e5 {[%emt 0:00:01]} 3. c4 {[%emt 0:00:01]} exd4 {[%emt 0:00:01]} 4. exd4 {[%emt 0:00:01]} dxc4 {[%emt 0:00:01]} 5. Be3 {[%emt 0:00:01]} Nf6 {[%emt 0:00:00]} 6. Bxc4 {[%emt 0:00:01]} c6 {[%emt 0:00:01]} 7. Nc3 {[%emt 0:00:01]} b5 {[%emt 0:00:01]} 8. Bd3 {[%emt 0:00:01]} Nbd7 {[%emt 0:00:03]} 9. Qc2 {[%emt 0:00:01]} Bb4 {[%emt 0:00:01]} 10. Nf3 {[%emt 0:00:02]} Bxc3+ {[%emt 0:00:02]} 11. bxc3 {[%emt 0:00:01]} a5 {[%emt 0:00:01]} 12. Ng5 {[%emt 0:00:01]} h6 {[%emt 0:00:02]} 13. Nf3 {[%emt 0:00:01]} Nd5 {[%emt 0:00:02]} 14. h4 {[%emt 0:00:01]} Nxe3 {[%emt 0:00:01]} 15. fxe3 {[%emt 0:00:01]} Qe7 {[%emt 0:00:01]} 16. O-O-O {[%emt 0:00:01]} Nf6 {[%emt 0:00:02]} 17. e4 {[%emt 0:00:01]} Bg4 {[%emt 0:00:02]} 18. Rhe1 {[%emt 0:00:03]} O-O-O {[%emt 0:00:05]} 19. c4 {[%emt 0:00:05]} Qa3+ {[%emt 0:00:01]} 20. Kb1 {[%emt 0:00:01]} b4 {[%emt 0:00:01]} 21. c5 {[%emt 0:00:06]} Bxf3 {[%emt 0:00:02]} 22. Ba6+ {[%emt 0:00:02]} Kc7 {[%emt 0:00:02]} 23. gxf3 {[%emt 0:00:01]} a4 {[%emt 0:00:05]} 24. Bc4 {[%emt 0:00:02]} Rd7 {[%emt 0:00:03]} 25. d5 {[%emt 0:00:01]} cxd5 {[%emt 0:00:01]} 26. exd5 {[%emt 0:00:01]} Rhd8 {[%emt 0:00:02]} 27. d6+ {[%emt 0:00:01]} Kb8 {[%emt 0:00:02]} 28. c6 {[%emt 0:00:04]} Rxd6 {[%emt 0:00:02]} 29. Rxd6 {[%emt 0:00:02]} Rxd6 {[%emt 0:00:01]} 30. Re7 {[%emt 0:00:01]} Rxc6 {[%emt 0:00:06]} 31. Qd3 {[%emt 0:00:08] Tiempo (Lag: Av=0.40s, max=0.9s) '} 1-0

[Event "Stay Safe Play From Home 172"]
[Site "T#646326Emanuel Laske"]
[Date "2020.05.25"]
[Round "8"]
[White "Vilmos47"]
[Black "Patzeroglu"]
[Result "0-1"]
[WhiteElo "973"]
[BlackElo "1889"]
[Annotator "NA"]
[PlyCount "32"]
[EventDate "2020.05.25"]
[EventType "swiss (blitz)"]

1. e4 {[%emt 0:00:01]} c5 {[%emt 0:00:01]} 2. Nc3 {[%emt 0:00:02]} d5 {[%emt 0:00:00]} 3. exd5 {[%emt 0:00:02]} e6 {[%emt 0:00:01]} 4. dxe6 {[%emt 0:00:02]} fxe6 {[%emt 0:00:00]} 5. Nf3 {[%emt 0:00:01]} Nf6 {[%emt 0:00:00]} 6. Bb5+ {[%emt 0:00:02]} Nc6 {[%emt 0:00:00]} 7. Ne5 {[%emt 0:00:01]} Bd7 {[%emt 0:00:02]} 8. Nxc6 {[%emt 0:00:01]} bxc6 {[%emt 0:00:01]} 9. Bc4 {[%emt 0:00:05]} Bd6 {[%emt 0:00:00]} 10. Ne4 {[%emt 0:00:02]} O-O {[%emt 0:00:00]} 11. Nxd6 {[%emt 0:00:01]} Qc7 {[%emt 0:00:03]} 12. Ne4 {[%emt 0:00:03]} Nxe4 {[%emt 0:00:01]} 13. O-O {[%emt 0:00:03]} Nxf2 {[%emt 0:00:01]} 14. Rxf2 {[%emt 0:00:01]} Rxf2 {[%emt 0:00:00]} 15. Kxf2 {[%emt 0:00:01]} Qxh2 {[%emt 0:00:00]} 16. Qg1 {[%emt 0:00:03]} Rf8+ {[%emt 0:00:01] Vilmos47 resigns (Lag: Av=0.58s, max=1.2s)} 0-1

[Event "Stay Safe Play From Home 172"]
[Site "T#646326Emanuel Laske"]
[Date "2020.05.25"]
[Round "9"]
[White "Praveen prasad"]
[Black "Lamborghini"]
[Result "1-0"]
[WhiteElo "2289"]
[BlackElo "2197"]
[Annotator "TA"]
[PlyCount "119"]
[EventDate "2020.05.25"]
[EventType "swiss (blitz)"]

{[%evp 9,118,20,33,25,22,-19,-21,-13,-19,-20,4,-3,0,7,12,0,32,31,40,37,35,38,44,38,56,52,64,47,51,34,16,27,26,12,23,0,0,-32,0,-64,-71,-68,-69,-78,-77,-84,-82,-183,-186,-186,-59,-60,-58,-106,-88,-105,-83,-250,-58,-245,-58,-58,-58,-66,-84,-173,0,0,0,-20,0,-81,29979,29980,29981,29982,29982,29983,29983,29984,29983,29984,29984,29985,29985,29986,29988,29989,29989,29990,29990,29991,29994,29995,29995,29995,29995,29995,29996,29995,29995,29996,29996,29996,29996,29997,29997,29997,29998,29999,29999]} 1. e4 g6 2. d4 Bg7 3. c3 d6 4. Bd3 Nf6 {[#]} 5. Bc2 $146 ({Predecessor:} 5. Nf3 O-O 6. O-O c5 7. h3 Nfd7 8. Re1 Nc6 9. d5 Nce5 10. Nxe5 Nxe5 11. Bf1 Rb8 12. a4 f5 13. f4 Nd7 14. Nd2 Nf6 15. exf5 gxf5 {1-0 (37) Sokolov,I (2595)-Iordachescu,V (2589) chess.com INT 2020}) 5... O-O 6. Ne2 {B07: Pirc Defence: Miscellaneous Systems.} e5 7. dxe5 dxe5 8. Qxd8 {The position is equal.} Rxd8 9. f3 Be6 10. Bg5 h6 11. Be3 b6 12. Nd2 Nbd7 13. Bb3 Nf8 14. Bxe6 Nxe6 15. O-O-O Nh5 16. g3 Bf8 17. Nc4 f6 18. Rxd8 (18. Kc2 {seems wilder.} Kh7 19. b4 Rac8 20. a4 Nhg7 21. g4) 18... Rxd8 19. Rd1 (19. Kc2 {is interesting.} Kf7 20. b4 a6 21. a4 g5 22. Nc1) 19... Rxd1+ 20. Kxd1 g5 21. Nd2 Nhg7 22. g4 Kf7 23. h3 h5 24. Ng3 (24. b4 $11) 24... h4 $1 $15 {[%cal Rh4g3]} 25. Ne2 Bc5 26. Bxc5 Nxc5 {[%mdl 4096] Endgame KNN-KNN} 27. Kc2 Nge6 28. Nf1 {[#]} (28. b4 $17 {keeps fighting.} Nd7 29. Nc4) 28... Nf4 $1 $19 {[%cal Rf4e2]} 29. Nxf4 exf4 {KN-KN} (29... gxf4 $19 30. Kd2 Ne6) 30. Nd2 $15 Nd7 31. c4 Ne5 32. Kc3 Ke6 33. b3 $2 (33. b4 $17) 33... c6 $2 ({Black should play} 33... c5 $19 34. a3 a5) 34. a3 $2 (34. b4 $1 $15) 34... Kd6 $2 (34... c5 $19 35. Kc2 Nc6) 35. b4 a6 {[%cal Ba7a6,Ba6a5][%mdl 32]} 36. a4 a5 37. b5 {[#]} (37. bxa5 $17 bxa5 38. Kd4) 37... cxb5 $2 ({Better is} 37... Nd7 $1 $19 {White must now prevent ...Nc5.} 38. e5+ Nxe5 39. Ne4+ Ke7 40. bxc6 Nxc6) 38. cxb5 $11 Kc5 39. Nb3+ Kd6 40. Nd4 (40. Nd2 $11 {remains equal.}) 40... Nxf3 $2 {[%mdl 8192]} (40... Nd7 $17 41. Nf5+ Ke5) 41. Nxf3 $17 {KN-KP. White mates.} Kc5 42. e5 fxe5 43. Nxe5 Kd5 44. Nf3 Ke4 45. Nxg5+ Ke3 46. Kc4 f3 {[#]} 47. Nxf3 $1 {[%mdl 64] Clearance, Promotion} Kxf3 {KP-KP} 48. g5 Kg3 49. g6 Kxh3 {K3P-K3P} 50. g7 Kh2 51. g8=Q h3 52. Qg4 Kh1 53. Qxh3+ Kg1 54. Qf5 Kg2 55. Kd4 Kg3 56. Ke4 Kg2 57. Qf3+ Kh2 58. Qe2+ Kg1 59. Kf3 {[%csl Gf3][%cal Re2g2]} Kh1 60. Qg2# {Never resign too early! Accuracy: White = 68%, Black = 68%.} 1-0

[Event "Stay Safe Play From Home 172"]
[Site "T#646326Emanuel Laske"]
[Date "2020.05.25"]
[Round "9"]
[White "Indianquant"]
[Black "SoulofWolf"]
[Result "1-0"]
[WhiteElo "2252"]
[BlackElo "2250"]
[Annotator "TA"]
[PlyCount "119"]
[EventDate "2020.05.25"]
[EventType "swiss (blitz)"]

{[%evp 14,119,33,35,57,45,70,54,122,79,68,71,73,85,193,196,200,190,225,232,306,258,352,337,332,162,416,381,425,304,333,320,360,362,422,308,508,438,441,433,468,426,464,454,490,453,452,469,434,438,440,287,274,291,362,370,414,410,365,348,424,352,389,413,429,292,349,289,633,618,1022,1012,29987,29988,29988,29989,29990,29991,29991,29988,29988,29981,29988,29989,29989,29990,29991,29992,29992,29993,29993,29994,29994,29994,29994,29994,29999,29995,29996,29997,29999,29998,29998,29998,29998,29998,29998,29999]} 1. Nf3 Nc6 2. d4 e6 3. c4 Nf6 4. a3 d5 5. Nc3 Be7 6. Bg5 h6 7. Bh4 O-O 8. e3 a5 {D56: Queen's Gambit Declined: Lasker Defence.} 9. Rc1 Re8 {[#]} 10. Be2 $146 ({Predecessor:} 10. Bd3 dxc4 11. Bxc4 Nd5 12. Bxe7 Ncxe7 13. O-O Nxc3 14. Rxc3 Nf5 15. Bd3 Nd6 16. Re1 {0-1 (77) Senol,C-Tastekin,S (1201) Konya 2018}) 10... b6 (10... Ne4 $14 11. Bxe7 Nxe7) 11. O-O Bb7 12. cxd5 Nxd5 {White leaves nothing to chance now.} 13. Bg3 Nf6 (13... Bd6 $16) 14. Bb5 $18 Rf8 15. Ne2 Na7 16. Bxc7 Qc8 17. Bxb6 {[%mdl 64] Discovered Attack} Qb8 {Threatens to win with ...Bxf3.} 18. Bc7 Qc8 19. Ba4 (19. Bxa5 $142 Qb8 20. Bc7) 19... Nd5 $2 (19... Bxf3 20. gxf3 Qb7) 20. Bg3 Qd8 21. Ne5 Rc8 22. Qd2 Rxc1 23. Rxc1 Bd6 24. Nc3 f6 $2 (24... Bxe5 {is a better defense.} 25. Bxe5 Nc6) 25. Nd3 Bxg3 26. hxg3 ({Weaker is} 26. fxg3 Rf7 $18) 26... Ne7 27. Nf4 Bc8 28. Bb3 Qd6 29. Qe2 Kh8 30. Ne4 Qb6 31. Nc5 e5 32. Nd5 Nxd5 33. Bxd5 Nb5 34. a4 Nd6 {[%cal Bb5d6,Bd6e8,Be8f6][%mdl 32]} 35. dxe5 fxe5 36. e4 Ne8 37. Kh2 Nf6 {intending ...Ng4+.} 38. f3 Qd6 39. Nd3 Ba6 40. Bc4 Rc8 $2 (40... Bxc4 41. Rxc4 Rd8) 41. Bxa6 Rxc1 42. Nxc1 Qxa6 43. Qxa6 {White mates.} Kh7 44. Qxa5 Kg6 45. Qxe5 Kf7 {[#]} 46. Qf5 $1 Ke7 {[#]} 47. Qxf6+ $3 Kxf6 {[%mdl 4096] Endgame KN-KPP} 48. a5 Ke6 49. a6 Kd7 50. a7 Kc7 51. a8=Q Kd6 52. Qd5+ Ke7 53. b4 Kf6 54. b5 Kg6 55. b6 {[%csl Ge4][%cal Rd5f5]} Kh7 56. b7 Kg6 57. b8=Q {[%csl Ge4][%cal Rd5f5]} Kh7 58. Qb6 h5 59. Qdc6 h4 60. Qg6+ {Accuracy: White = 56%, Black = 23%.} 1-0

[Event "Stay Safe Play From Home 172"]
[Site "T#646326Emanuel Laske"]
[Date "2020.05.25"]
[Round "9"]
[White "Lazieri3"]
[Black "Weltszmerc"]
[Result "1-0"]
[WhiteElo "2138"]
[BlackElo "1949"]
[Annotator "TA"]
[PlyCount "139"]
[EventDate "2020.05.25"]
[EventType "swiss (blitz)"]

{[%evp 9,138,-12,-3,-10,-10,-10,-14,-14,-16,-20,-14,-8,0,-28,-17,-17,0,-19,21,19,15,14,62,14,60,-92,89,48,60,47,47,47,47,37,47,47,47,47,63,26,37,26,26,6,9,0,0,-26,0,0,0,0,0,0,0,0,0,0,0,0,0,0,0,0,0,0,0,0,0,0,156,156,153,153,248,0,0,0,0,0,0,0,0,0,0,0,0,0,0,0,0,0,0,0,29985,29986,29986,29987,29987,29988,29988,29989,29989,29990,29991,29992,29992,29993,29993,29993,29993,29993,29996,29995,29997,29995,29995,29996,29996,29996,29996,29996,29997,29998,29998,29998,29998,29998,29998,29999,29999]} 1. e4 Nf6 2. Nc3 d5 3. exd5 Nxd5 4. Nxd5 Qxd5 5. Qf3 c6 6. Qxd5 {B02: Alekhine's Defence: Chase Variation and lines with early Nc3.} cxd5 7. d4 Nc6 8. c3 {The position is equal.} Bf5 9. Bf4 e6 10. Nf3 h6 11. Kd2 {[#]} g5 $146 ({Predecessor:} 11... Be4 12. Ne5 Nxe5 13. Bxe5 f6 14. Bg3 g5 15. f3 Bg6 16. Bd3 Bxd3 17. Kxd3 Kd7 {0-1 (48) Lotzien,H (2065)-Wieferig,W (2233) Leverkusen 2004}) 12. Bg3 Be7 13. Bd3 Bg4 14. Ne5 Nxe5 15. Bxe5 O-O 16. h3 Bh5 17. f4 $2 (17. Rae1 $1 $14 {was the only good move.}) 17... Rac8 $2 (17... f6 $17 {and life is bright.} 18. Bc7 Rfc8) 18. fxg5 hxg5 19. g4 Bg6 20. Bxg6 fxg6 21. Raf1 Rxf1 22. Rxf1 Rf8 23. Rxf8+ Kxf8 $14 {[%mdl 4096] Endgame KB-KB} 24. Ke3 Kf7 25. Kf3 Bf6 26. Bxf6 Kxf6 $11 {KP-KP} 27. Kg3 b5 28. h4 a6 29. h5 Kg7 30. b3 Kh6 31. hxg6 Kxg6 32. Kf3 Kf6 33. Ke3 e5 34. dxe5+ Kxe5 35. b4 Ke6 36. Kd4 Kd6 37. a3 Ke6 38. Kc5 {Threatens to win with Kb6.} Ke5 39. Kb6 Kf4 $2 (39... Ke4 $1 $11 40. Kxa6 Kd3 41. Kxb5 Kxc3) 40. Kxa6 $16 Kxg4 41. Kxb5 {aiming for a4. K3P-KPP} Kf3 {[#]} (41... Kh3 $16 {might work better.} 42. Ka6 g4) 42. c4 $2 (42. a4 $1 $18 {[%cal Ra4a5]} g4 43. a5) 42... dxc4 $11 (42... d4 $5 43. c5 $8 d3 $11) 43. Kxc4 {KPP-KP} g4 44. b5 g3 45. b6 {Strongly threatening b7.} g2 46. b7 g1=Q {( -> ...Qb6)} 47. b8=Q {KQ-KQ} Qc1+ 48. Kd5 Qd2+ 49. Kc6 {And now Qb3+ would win.} Qc3+ 50. Kd7 Qd3+ 51. Qd6 Qb5+ $2 {[%mdl 8192] [#] White leaves nothing to chance now.} (51... Ke4 $11) 52. Qc6+ {White mates.} Qxc6+ 53. Kxc6 {KP-K} Ke4 54. a4 Ke5 55. a5 Ke6 56. a6 Ke7 57. a7 Ke6 58. a8=Q Ke5 59. Qc8 Kd4 60. Qd7+ Kc4 61. Qd5+ Kb4 62. Qc5+ Kb3 63. Kd5 Ka4 64. Kd4 Kb3 65. Kd3 Kb2 66. Qb6+ Ka3 67. Qb7 Ka4 68. Kc3 {[%csl Gc3][%cal Rb7b4]} Ka5 69. Kc4 {[%csl Gc4][%cal Rb7b5]} Ka4 70. Qa7# {Accuracy: White = 78%, Black = 73%.} 1-0

[Event "Stay Safe Play From Home 172"]
[Site "T#646326Emanuel Laske"]
[Date "2020.05.25"]
[Round "9"]
[White "Haxhi Baha"]
[Black "Rogan"]
[Result "1-0"]
[WhiteElo "1974"]
[BlackElo "2298"]
[Annotator "TA"]
[PlyCount "89"]
[EventDate "2020.05.25"]
[EventType "swiss (blitz)"]

{[%evp 9,89,13,86,9,27,-1,-6,-8,45,0,0,0,10,1,78,86,75,53,73,69,60,63,190,171,293,51,125,-39,62,55,47,0,292,255,246,0,0,0,223,22,62,62,6183,5908,29977,57,2587,29977,29977,29978,29978,29979,29979,29980,29980,29981,29983,29982,29982,29983,29983,29984,29984,29985,29989,29988,29988,29989,29989,29990,29990,29981,29992,29985,29994,29995,29996,29996,29996,29997,29997,29998]} 1. e4 d5 2. exd5 Nf6 3. Nc3 Nxd5 4. Qf3 Nxc3 5. dxc3 g6 {[#]} (5... Nc6 $11 {keeps the balance.}) 6. Bd3 $146 {B02: Alekhine's Defence: Chase Variation and lines with early Nc3.} (6. Bc4 $16 e6 7. Qe4) ({Predecessor:} 6. Bc4 e6 7. Ne2 Bg7 8. h4 Nd7 9. Qg3 Nf6 10. f3 O-O 11. Bd2 Qe7 12. O-O-O {1-0 (33) Ilic,A (2000)-Konstantinou,P Durham 2007}) 6... Bg7 7. Bf4 e5 8. Be3 {The position is equal.} Qf6 (8... Qe7 $11) 9. Qg3 Nc6 10. O-O-O O-O 11. h4 Bf5 (11... h5 $11 {remains equal.}) 12. h5 $1 $16 Bxd3 13. Rxd3 Rad8 14. Nf3 Rxd3 15. cxd3 e4 ({Black should try} 15... Qf5 $14) 16. dxe4 $18 Ne5 (16... Qe6 {keeps fighting.}) 17. Ng5 $2 (17. Bxa7 b6 $11) (17. h6 $18 Bh8 18. Nxe5 (18. Bxa7 Qe6 $11) 18... Qxe5 19. Qxe5 Bxe5 20. f4 (20. Bxa7 b6 $11)) 17... h6 (17... Re8 $1 $14) 18. Nh3 $2 (18. Nf3 $16) 18... g5 ({Better is} 18... Qa6 $15 19. Kb1 Qd3+ 20. Ka1 Rd8) 19. f4 $14 ({Not} 19. Bxa7 $2 Qa6 $19) 19... Nd3+ $1 20. Kc2 Nxb2 $2 {[%mdl 8192]} (20... Rd8 $11 21. fxg5 Nb4+ $1 {[%mdl 576] Double Attack} 22. Kb1 Qa6 23. cxb4 Qd3+ {[%mdl 64] Double Attack} 24. Ka1 Qd1+ 25. Bc1 Qxh1 26. Qxc7 Rd1 $1 {[%mdl 512]} 27. Qc8+ Bf8) 21. Bd4 Qa6 22. fxg5 $2 ({White has to play} 22. Kxb2 $18 {Hoping for Bxg7.} Bxd4 23. cxd4 Qe2+ 24. Ka1 Qxe4 25. Rd1 (25. fxg5 Qxd4+ 26. Kb1 Qe4+ 27. Kb2 Qb4+ 28. Kc2 Qa4+ 29. Kb1 Qe4+ 30. Kb2 Qb4+ 31. Kc1 Qc4+ 32. Kb2 Qb4+ $16)) 22... Qe2+ $11 {[%mdl 64] Double Attack} 23. Kb3 {Threatens to win with gxh6.} Bxd4 $2 (23... Qb5+ $11 {and Black is okay.} 24. Kc2 Qe2+ {[%mdl 64] Double Attack} 25. Kb3 Qb5+ 26. Kc2 Qe2+ {[%mdl 64] Double Attack}) 24. gxh6+ $2 (24. cxd4 $18 Qb5+ {[#]} 25. Kc2 $1 {[%mdl 512]} Qe2+ 26. Kb1 $1 {[%mdl 512]} Qd3+ 27. Qxd3 Nxd3 28. Kc2 (28. gxh6 Rd8 $18) 28... Nb4+ 29. Kc3) 24... Kh8 25. cxd4 $40 {[%csl Gh6][%cal Rg3g7][%mdl 128] White has some attack.} Rg8 $2 {[%mdl 8192] White leaves nothing to chance now.} (25... Qb5+ $14 26. Kc3 Na4+ 27. Kd2 Rg8 28. Qe5+ Qxe5 29. dxe5 Rxg2+ 30. Ke3 Nc5) 26. Qe5+ $18 Kh7 27. Qf5+ $2 (27. Ng5+ {mates} Rxg5 28. Qxg5 Qd3+ 29. Kxb2 Qxd4+ 30. Kc1 b6 31. Rf1 Qc4+ 32. Kd2 Qb4+ 33. Ke2 Qb2+ 34. Kf3) 27... Kh8 $2 {[%mdl 8192]} (27... Kxh6 $14 28. Qf6+ Kh7 29. Qxf7+ {[%mdl 64] Double Attack} Kh8 30. Qf6+ Rg7) 28. Qf6+ Kh7 {White mates.} 29. Ng5+ Rxg5 30. Qxg5 {[%csl Gh6][%cal Rg5g7]} Qd3+ 31. Kxb2 {[%csl Gh6][%cal Rg5g7]} Qxd4+ {[%mdl 4096] Endgame} 32. Kc2 Qxe4+ 33. Kd2 {[%csl Gh6][%cal Rg5g7]} Qd4+ 34. Ke2 Qe4+ 35. Kf2 {[%csl Gh6][%cal Rg5g7]} Qd4+ 36. Kg3 Qh8 {[#]} 37. Qg7+ $1 {[%mdl 64] Decoy} Qxg7+ 38. hxg7 Kxg7 {KR-KP} 39. h6+ Kh7 40. Rd1 f5 41. Rd7+ Kg6 42. Kf4 a5 43. Rxc7 Kh5 44. h7 Kg6 45. h8=Q {Accuracy: White = 44%, Black = 28%.} 1-0